[Event "TUR-chT 2nd League"]
[Site "Konya"]
[Date "2019.07.23"]
[Round "2.9"]
[White "Melik, Enes"]
[Black "Kavri, Yusuf Eren"]
[Result "0-1"]
[WhiteElo "1604"]
[BlackElo "1806"]
[PlyCount "222"]
[EventDate "2019.07.22"]
[EventType "team-swiss"]
[EventRounds "9"]
[EventCountry "TUR"]
[SourceTitle "CBM 191 Extra"]
[Source "ChessBase"]
[SourceDate "2019.09.30"]
[SourceVersion "1"]
[SourceVersionDate "2019.09.30"]
[SourceQuality "1"]
[WhiteTeam "Altin Hamle Corum"]
[BlackTeam "Samsun Gercek"]
[WhiteTeamCountry "TUR"]
[BlackTeamCountry "TUR"]

1. f4 d5 2. b3 Bg4 3. Bb2 e6 4. g3 Nf6 5. Bg2 Bd6 6. Nf3 Bxf3 7. Bxf3 Nbd7 8. Nc3 c6 9. e4 dxe4 10. Nxe4 Nxe4 11. Bxe4 Nf6 12. Qe2 Qa5 13. a4 h5 14. 0-0-0 0-0-0 15. Bf3 h4 16. Qc4 Qb6 17. Bc3 Rd7 18. a5 Qc5 19. Qxc5 Bxc5 20. a6 Bd4 21. axb7+ Kxb7 22. Bxd4 Rxd4 23. d3 Rhd8 24. Kb2 Rh8 25. Kc3 Rdd8 26. b4 Nd5+ 27. Bxd5 Rxd5 28. Rde1 hxg3 29. hxg3 Rdh5 30. Rxh5 Rxh5 31. Kc4 Kb6 32. c3 g6 33. d4 Rh3 34. Re3 Rh1 35. Kd3 Kc7 36. Ke4 Kd6 37. Re2 Rc1 38. Kd3 Rg1 39. Re3 Rf1 40. Kc4 Rb1 41. Rf3 Rg1 42. Rd3 Rb1 43. Rf3 Rg1 44. Rd3 Rb1 45. Rf3 Rg1 46. Rd3 a6 47. Rf3 Ra1 48. Re3 a5 49. bxa5 Rxa5 50. Re5 Ra1 51. Re3 Rd1 52. Rd3 Re1 53. Rf3 f6 54. Kd3 Kd5 55. c4+ Kd6 56. Re3 Rg1 57. Kc3 Ra1 58. Kd2 Ra2+ 59. Kc3 Rg2 60. Kd3 Rg1 61. Kc3 Rg2 62. Kd3 Rg1 63. Kc3 Rh1 64. Kd3 Rc1 65. Rf3 c5 66. dxc5+ Kxc5 67. Re3 Rd1+ 68. Ke2 Rd6 69. Rc3 Kb4 70. Rc1 Ra6 71. Ke3 Kc5 72. Rc3 Ra1 73. Ke4 Rd1 74. Ke3 Rd4 75. g4 g5 76. fxg5 fxg5 77. Kf3 Rf4+ 78. Kg3 Rxc4 79. Re3 Kd5 80. Kf3 Rf4+ 81. Kg3 e5 82. Ra3 Ke4 83. Ra4+ Kd3 84. Ra3+ Ke2 85. Ra2+ Kd3 86. Ra3+ Ke4 87. Ra4+ Kd5 88. Ra5+ Ke6 89. Ra6+ Kf7 90. Ra7+ Kg6 91. Re7 Kf6 92. Ra7 Rc4 93. Ra6+ Kf7 94. Ra7+ Ke6 95. Rg7 Rc3+ 96. Kf2 Kf6 97. Ra7 e4 98. Ra8 Ke5 99. Ra5+ Kf4 100. Rb5 Rc2+ 101. Kf1 Kf3 102. Ke1 Rg2 103. Rb3+ e3 104. Kf1 Rxg4 105. Ra3 Rb4 106. Ra1 g4 107. Kg1 g3 108. Re1 e2 109. Ra1 Rb3 110. Re1 Rd3 111. Kh1 Rd1 0-1

[Event "TUR-chT 2nd League"]
[Site "Konya"]
[Date "2018.07.17"]
[Round "3.6"]
[White "Yarar, Muammer Atakan"]
[Black "Melik, Enes"]
[Result "1-0"]
[WhiteElo "1807"]
[BlackElo "1521"]
[PlyCount "91"]
[EventDate "2018.07.16"]
[EventType "team-swiss"]
[EventRounds "9"]
[EventCountry "TUR"]
[SourceTitle "EXT 2019"]
[Source "ChessBase"]
[SourceDate "2018.10.10"]
[SourceVersion "1"]
[SourceVersionDate "2018.10.10"]
[SourceQuality "1"]
[WhiteTeam "Pendik Dernegi"]
[BlackTeam "Altin Hamle Corum"]
[WhiteTeamCountry "TUR"]
[BlackTeamCountry "TUR"]

1. d4 f5 2. c4 e6 3. g3 Nf6 4. Bg2 Be7 5. Nf3 0-0 6. 0-0 c6 7. e3 d5 8. b3 b6 9. Bb2 Ne4 10. Nfd2 Ba6 11. Qc2 Bg5 12. Re1 Nd7 13. b4 Ndf6 14. f4 Bh6 15. a4 g5 16. b5 Bb7 17. Nxe4 Nxe4 18. Nd2 Rf7 19. bxc6 Ba6 20. cxd5 exd5 21. Nf3 gxf4 22. exf4 Rc8 23. Ne5 Rfc7 24. Qb3 Kh8 25. Bh3 Qf6 26. Qxd5 Rg8 27. Rxe4 fxe4 28. Ng4 Rxg4 29. Bxg4 Bg7 30. Qxe4 Qxc6 31. Qxc6 Rxc6 32. Re1 Bf6 33. d5 Rd6 34. Bxf6+ Rxf6 35. Be6 Bc4 36. Rc1 Bb3 37. Rc8+ Kg7 38. Rc7+ Kh6 39. Rxa7 Rf8 40. Rb7 Bxa4 41. Rxb6 Kg7 42. f5 Bc2 43. g4 h5 44. h3 Bd1 45. g5 Ra8 46. Rb7+ 1-0

[Event "TUR-chT2"]
[Site "Konya"]
[Date "2017.07.11"]
[Round "4.6"]
[White "Melik, Enes"]
[Black "Yildirim, Kaptan Kaan"]
[Result "1-0"]
[WhiteElo "1435"]
[BlackElo "1595"]
[PlyCount "49"]
[EventDate "2017.07.09"]
[EventType "team-swiss"]
[EventRounds "9"]
[EventCountry "TUR"]
[SourceTitle "CBM 179 Extra"]
[Source "ChessBase"]
[SourceDate "2017.08.23"]
[SourceVersion "1"]
[SourceVersionDate "2017.08.23"]
[SourceQuality "1"]
[WhiteTeam "Sakarya Buyuksehir"]
[BlackTeam "Yildiz"]
[WhiteTeamCountry "TUR"]
[BlackTeamCountry "TUR"]

1. f4 c5 2. b3 Nc6 3. e3 e5 4. fxe5 Nxe5 5. Nf3 Nxf3+ 6. Qxf3 Nf6 7. Bb2 Be7 8. Bd3 d5 9. 0-0 h5 10. Nc3 a6 11. Rae1 Be6 12. e4 d4 13. Nd5 Bxd5 14. exd5 Qxd5 15. Be4 Nxe4 16. Rxe4 Kf8 17. c4 dxc3 18. Bxc3 Rh6 19. Bxg7+ Kxg7 20. Rg4+ hxg4 21. Qxd5 Bf6 22. Qxc5 Rah8 23. Rf4 Rd8 24. Rxf6 Kxf6 25. Qb6+ 1-0